Historias secretas de balnearios con un lapidario portátil / (Record no. 118320)

MARC details
000 -LEADER
campo de control de longitud fija 00590nam a2200181 4500
001 - NÚMERO DE CONTROL
campo de control 118320
003 - IDENTIFICADOR DE NÚMERO DE CONTROL
campo de control ES-MaACL
005 - FECHA Y HORA DE LA ÚLTIMA TRANSACCIÓN
campo de control 20250416222535.0
007 - CAMPO FIJO DE DESCRIPCIÓN FÍSICA--INFORMACIÓN GENERAL
campo de control de longitud fija t|
008 - DATOS DE LONGITUD FIJA--INFORMACIÓN GENERAL
campo de control de longitud fija 070214s1972 sp r ||||1| spa d
100 1# - ENTRADA PRINCIPAL--NOMBRE DE PERSONA
Nombre de persona Perucho, Joan,
Fechas asociadas al nombre 1920-2003
9 (RLIN) 91415
245 10 - MENCIÓN DEL TÍTULO
Título Historias secretas de balnearios con un lapidario portátil /
Mención de responsabilidad, etc. Joan Perucho ; prólogo de Martín de Riquer.
260 ## - PUBLICACIÓN, DISTRIBUCIÓN, ETC.
Lugar de publicación, distribución, etc. Barcelona :
Nombre del editor, distribuidor, etc. Planeta,
Fecha de publicación, distribución, etc. 1972.
300 ## - DESCRIPCIÓN FÍSICA
Extensión 175 p. ;
Dimensiones 20 cm.
700 1# - ENTRADA AGREGADA--NOMBRE PERSONAL
Nombre de persona Riquer, Martín de,
Fechas asociadas al nombre 1914-2013
9 (RLIN) 240061
852 ## - LOCALIZACIÓN
Ubicación ES-MaACL
Número de control de estantería C-45769
Sublocalización o colección R.83602
Holdings
Estatus retirado Estado de pérdida Estado de daño No para préstamo Biblioteca de origen Biblioteca actual Ubicación en estantería Fecha de adquisición Fuente de adquisición Total de préstamos Signatura topográfica completa Código de barras Visto por última vez Precio de reemplazo Tipo de ítem Koha
        Biblioteca del Ateneo de Madrid Biblioteca del Ateneo de Madrid Depósito 2 17/01/2008     C-45769 1123349 23/02/2023 23/02/2023 Libro impreso